Interculturalidad, inclusión y equidad en educación /
| Otros Autores: | |
|---|---|
| Formato: | Electrónico eBook |
| Lenguaje: | español portugués inglés |
| Publicado: |
Salamanca, España :
Ediciones Universidad de Salamanca,
[2023]
|
| Edición: | 1a edición. |
| Colección: | Aquilafuente ;
331. |
| Materias: | |
| Acceso en línea: | Digitalia Hispánica |
MARC
| LEADER | 00000nam a2200000Ii 4500 | ||
|---|---|---|---|
| 001 | DIGUNSAL0275 | ||
| 003 | NyNyDIG | ||
| 008 | 230912s2023 sp a ob 000 0 spa d | ||
| 006 | m o d | ||
| 007 | cr ||||||||||| | ||
| 035 | |a (OCoLC)1398180897 | ||
| 040 | |a DGITA |b eng |e rda |e pn |c DGITA | ||
| 020 | |a 9788413116884 |q pdf | ||
| 020 | |a 9788413116891 |q ePub | ||
| 020 | |z 9788413116877 |q pod | ||
| 041 | 0 | |a spa |a por |a eng |b spa |b por |b eng | |
| 050 | 1 | 4 | |a LC213 ebook |
| 245 | 0 | 0 | |a Interculturalidad, inclusión y equidad en educación / |c Erla Mariela Morales Morgado (ed.). |
| 250 | |a 1a edición. | ||
| 264 | 1 | |a Salamanca, España : |b Ediciones Universidad de Salamanca, |c [2023] | |
| 300 | |a 1 online resource : |b illustrations. | ||
| 336 | |a text |b txt |2 rdacontent | ||
| 337 | |a computer |b c |2 rdamedia | ||
| 338 | |a online resource |b cr |2 rdacarrier | ||
| 347 | |a text file |2 rdaft | ||
| 347 | |b PDF and EPUB | ||
| 490 | 1 | |a Aquilafuente ; |v 331 | |
| 504 | |a Includes bibliographical references. | ||
| 546 | |a Text in Spanish, Portuguese and English with abstract in Spanish, Portuguese and English. | ||
| 588 | 0 | |a Online resource; title from PDF and ePub title page (Digitalia, viewed September 12, 2023) | |
| 650 | 0 | |a Educational equalization. | |
| 650 | 0 | |a School integration. | |
| 650 | 0 | |a Multiculturalism. | |
| 650 | 0 | |a Multicultural education. | |
| 700 | 1 | |a Morales Morgado, Erla Mariela, |e editor. | |
| 776 | 0 | 8 | |i Print version: |t Interculturalidad, inclusión y equidad en educación. |b 1a edición. |d Salamanca, España : Ediciones Universidad de Salamanca, [2023] |z 9788413116877 |
| 791 | 2 | |a Digitalia (Firm), |e distributor. | |
| 793 | 0 | |g Digitalia eBook Collection: |a Ediciones Universidad de Salamanca | |
| 830 | 0 | |a Aquilafuente ; |v 331. | |
| 856 | 4 | 0 | |3 Digitalia Hispánica |u https://www.digitaliapublishing.com/a/125198/ |
| 910 | |a Premium collection: 2023 | ||


